Szczegóły MARC21

Fizyka nie tylko dla orłów : dla licealistów i osób zainteresowanych : jak rozwiązywać trudniejsze zadania i problemy. Cz.1, Kinematyka, mechanika, grawitacja /

003 -Nazwa inst., której nr kontr. jest w polu 001 [,]
    • @
    • Nazwa instytucji, której n kontrolny jest w polu 001
    • NUKAT
005 -DATA I CZAS OSTATNIEJ MODYFIKACJI [,]
    • @
    • pole kontrolne
    • 20260422171459.0
020 -Międzynarod. znormalizowany nr książki - ISBN [ , ]
    • a
    • Numer ISBN
    • 8386294108 Find
040 -Instytucja sporządzająca opis [ , ]
    • a
    • Instytucja, która sporządziła opis (NP)
    • WR U/al
    • c
    • Instytucja, która sporządziła rekord (NP)
    • WR U/al
    • d
    • Instytucja, która zmodyfikowała rekord (P)
    • WR U/dl
    • d
    • Instytucja, która zmodyfikowała rekord (P)
    • Ł U/MRs
942 -Rodzaj dokumentu [ , ]
    • c
    • Rodzaj dokumentu
    • Książka
100 -Hasło główne - nazwa osobowa [1, ]
    • a
    • Nazwa osobowa (NP)
    • Pawlicki, Krzysztof
    • c
    • Dopowiedzenie inne niż daty biograficzne (P)
    • (fizyka).
    • 9
    • KHW
    • 443898
245 -Strefa tytułu i oznaczenia odpowiedzialności [1,0]
    • a
    • Tytuł
    • Fizyka nie tylko dla orłów : Find
    • b
    • Ciąg dalszy tytułu (NP)
    • dla licealistów i osób zainteresowanych : jak rozwiązywać trudniejsze zadania i problemy. Find
    • n
    • Oznaczenie części (P)
    • Cz.1,
    • p
    • Nazwa części (P)
    • Kinematyka, mechanika, grawitacja /
    • c
    • Pozostałe elementy strefy tytułu i oznaczenia odpowiedzialności (NP)
    • Krzysztof Pawlicki.
250 -Strefa wydania [ , ]
    • a
    • Oznaczenie wydania (NP)
    • Wyd. 2.
260 -Strefa adresu wydawniczego [ , ]
    • a
    • Miejsce wydania (P)
    • Katowice :
    • b
    • Nazwa wydawcy (P)
    • "Refleks",
    • c
    • Data wydania (P)
    • 1994.
300 -Strefa opisu fizycznego [ , ]
    • a
    • Określenie formy książki i/lub objętość (NP)
    • 184 s. :
    • b
    • Oznaczenie ilustracji (NP)
    • rys., wykr. ;
    • c
    • Format (NP)
    • 24 cm.
336 -Typ zawartości [ , ]
    • a
    • Termin opisujący typ zawartości
    • Tekst
    • b
    • Kod określający zawartość
    • txt
    • 2
    • Źródło (terminu i kodu)
    • rdacontent
337 -Typ mediów [ , ]
    • a
    • Tryb odtwarzania
    • Bez urządzenia pośredniczącego
    • b
    • Kod typu mediów
    • n
    • 2
    • Źródło (terminu i kodu)
    • rdamedia
338 -Typ/rodzaj nośnika [ , ]
    • a
    • Hasło opisujące typ nośnika
    • Wolumin
    • b
    • Kod typu nośnika
    • nc
    • 2
    • Źródło (terminu i kodu)
    • rdacarrier
380 -Deskryptor - Forma dzieła (P) [ , ]
    • a
    • forma dzieła (NP)
    • Książki
380 -Deskryptor - Forma dzieła (P) [ , ]
    • a
    • forma dzieła (NP)
    • Publikacje dydaktyczne
385 -Deskryptor - grupa odbiorców (P) [ , ]
    • m
    • wyrażenie wprowadzające (NP)
    • Poziom nauczania
    • a
    • termin określający odbiorcę (P)
    • Szkoły średnie
385 -Deskryptor - grupa odbiorców (P) [ , ]
    • m
    • wyrażenie wprowadzające (NP)
    • Poziom nauczania
    • a
    • termin określający odbiorcę (P)
    • Szkoły średnie
650 -Hasło przedmiotowe [ ,7]
    • a
    • Hasło przedmiotowe
    • Fizyka (przedmiot szkolny)
    • 2
    • Źródło terminu
    • DBN
    • 9
    • KHW
    • 732947
650 -Hasło przedmiotowe [ ,7]
    • a
    • Hasło przedmiotowe
    • Szkoły średnie
    • 2
    • Źródło terminu
    • DBN
    • 9
    • KHW
    • 733609
650 -Hasło przedmiotowe [ ,7]
    • a
    • Hasło przedmiotowe
    • Fizyka
    • v
    • Określnik formalny
    • podręczniki.
    • 2
    • Źródło terminu
    • kaba
    • 9
    • KHW
    • 374098
650 -Hasło przedmiotowe [ ,7]
    • a
    • Hasło przedmiotowe
    • Fizyka
    • v
    • Określnik formalny
    • zadania i ćwiczenia.
    • 2
    • Źródło terminu
    • kaba
    • 9
    • KHW
    • 359147
655 -Hasło w funkcji tematu formalnego [ ,7]
    • a
    • Hasło
    • Ćwiczenia i zadania
    • 2
    • Źródło terminu
    • DBN
    • 9
    • KHW
    • 720930
655 -Hasło w funkcji tematu formalnego [ ,7]
    • a
    • Hasło
    • Materiały pomocnicze
    • 2
    • Źródło terminu
    • DBN
    • 9
    • KHW
    • 722015
658 -Ujęcie treści [ , ]
    • a
    • dziedzina nauki i sztuki/ sfera aktywności życiowej
    • Edukacja i pedagogika
658 -Ujęcie treści [ , ]
    • a
    • dziedzina nauki i sztuki/ sfera aktywności życiowej
    • Fizyka i astronomia
920 -ISBN [ , ]
    • a
    • ISBN
    • 83-86294-10-8 Find
Numer inwentarzowy Lokalizacja Status udost. Sygnatura Data inwentaryzacji
Z.89582BG1Z.895821997-06-06
N.16438BG1 1997-06-06